| 000 | 04432nkm0a2200613 4500 | ||
|---|---|---|---|
| 001 | RU\NLR\BIBL_A\022632553 | ||
| 005 | 20251202113233.0 | ||
| 020 |
_aRU _b44-2568 (1944, № 3-4) _9Летопись изоизданий / ВКП. - Москва, 1948. - Вып. 1944, № 3-4. - С. 81 |
||
| 035 | _a(NLR Aleph) 022632553 | ||
| 071 | 5 | 0 | _d8 коп. |
| 090 |
_a88878 _c88878 |
||
| 100 | _a20250929d1944 u y0rusy50 ca | ||
| 101 | 0 | _arus | |
| 102 | _aRU | ||
| 116 | _adiycxx zz ae | ||
| 135 | _acrcn 024anaba | ||
| 181 | 0 |
_ab4 _bxb2e |
|
| 182 | 0 | _an | |
| 200 | 1 |
_aСметем с лица земли фашистскую нечисть! _eвоинское _e[закрытое письмо] |
|
| 203 |
_aИзображение _bнеподвижное _bдвухмерное _bвизуальное _cнепосредственное |
||
| 210 |
_a[Москва] _cВоениздат НКО СССР _d[1944 _eМосква] _gТип. "Красный пролетарий" |
||
| 215 |
_a1 л. (слож. вдвое) _cцв. фотомех. печ. _d14,1х20,7 (14,1х10,7) |
||
| 300 | _aНа закрытом письме также текст: "Смерть немецким оккупантам!", сведения о заказчике: "По зак. Военкнижторга" | ||
| 300 | _aДата публикации установлена по: Летопись изобразительного искусства. 1944. № 3-4. № 2568 | ||
| 300 | _aЦенз. разрешение: Г 532585 | ||
| 300 | _aВ вып. дан.: Зак. 569 | ||
| 309 | _aДвойной формуляр, без клеевой полосы | ||
| 325 | _aКопия доступна в Электрон. б-ке РНБ | ||
| 327 | 0 | _aСоветский кавалерист с шашкой, на скаку поражающий вражеского солдата, вокруг на поле боя поверженные враги; на заднем плане танки, в небе советские военные самолеты | |
| 606 | 1 |
_aПочтовые открытки маркированные художественные _yСССР _z1941 - 1945 _2nlr_sh2 _3RU\NLR\AUTH\661531868 |
|
| 606 | 1 |
_aВеликая Отечественная война _z1941 - 1945 _xВоенные операции _jОткрытки _2nlr_sh1 _2nlr_sh2 _3RU\NLR\AUTH\66137667 |
|
| 606 | 1 |
_aВеликая Отечественная война _z1941 - 1945 _xКавалерия _jОткрытки _2nlr_sh1 _2nlr_sh2 _3RU\NLR\AUTH\66132877 |
|
| 606 | 1 |
_aЛошади _jОткрытки _2nlr_sh1 _2nlr_sh2 _3RU\NLR\AUTH\6672490 |
|
| 610 | 1 | _aЗакрытые письма | |
| 686 | 1 | _aЩ153(2)7-489 | |
| 712 | 0 | 2 |
_aВоениздат _cМосква _3RU\NLR\AUTH\8810147525 _4650 |
| 712 | 0 | 2 |
_a"Красный пролетарий", типография _cМосква _3RU\NLR\AUTH\8810047271 _4610 |
| 712 | 0 | 2 |
_a"Военкнижторг", контора _cМосква _3RU\NLR\AUTH\880592869 _4570 |
| 830 | _aЛетопись изоизданий: техника печати - литография цветн. АЯ ОЭФ | ||
| 830 | _a"По первому зову партии и правительства мы, как один, займем свои боевые места и мощной лавиной сметем с лица земли всю фашистскую нечисть": Правда. 1937. №247 (7213) (7 сентября). С. 3. https://yandex.ru/archive/catalog/c6bd7181-77a5-4454-9873-099caf53bfc8/3 (29.09.2025). АЯ ОЭФ | ||
| 830 | _a"Сметем с лица земли фашистскую нечисть!": Красная звезда. 1941. № 152 (1 июля). С. 1. https://yandex.ru/archive/catalog/3fe59bb5-8654-4b4c-91eb-1c508ec2a9f7/1 (29.09.2025). АЯ ОЭФ | ||
| 852 | 0 | 0 |
_aNLR _bЭ _jО-ЗП-3/1944-12 _mЭот101014 |
| 856 | 0 | _uhttps://vivaldi.nlr.ru/lo500030000/view | |
| 856 | 1 | _uhttps://vivaldi.nlr.ru/lo500030000/cover | |
| 856 | 2 | _uhttps://vivaldi.nlr.ru/lo500030000/text | |
| 942 | _cVISUAL | ||
| 945 | _aРоссийская национальная библиотека | ||
| 980 | _aNB | ||
| 980 | _aBV | ||
| 981 | 1 | 7 |
_a(17) Изографические материалы _b(17) Открытки |